| 000 | 00792cab a2200241 4500 | ||
|---|---|---|---|
| 001 | ABD58044 | ||
| 008 | 090401t1998 xxu||||| |||| 00| 0 eng d | ||
| 035 | _a(Sirsi) u82962 | ||
| 041 | _aeng | ||
| 100 | _aHargreaves, P. | ||
| 245 | _aStrategic advances on the English field | ||
| 260 | _c1998 | ||
| 350 | _a0 | ||
| 490 |
_aPlanning (for the Natural and Built Environment) _v2 January 1998, 14-15(2) |
||
| 520 | _aShows that despite the 1995 English Heritage "Register of historic battlefields", such heritage sites are still difficult to protect. Map of registered sites. | ||
| 650 | _aBATTLEFIELD SITES | ||
| 650 | _aENGLISH HERITAGE | ||
| 650 | _aPLANNING LAW | ||
| 650 | _aREGISTER OF HISTORIC BATTLEFIELDS | ||
| 690 | _aCONSERVATION | ||
| 942 | _n0 | ||
| 948 | _c06/01/1998 | ||
| 999 |
_c52400 _d52400 |
||